000 00458nam a2200193Ia 4500
005 20240823031200.0
008 240823s9999||||xx |||||||||||||| ||und||
020 _a978-0-393-97604-5
041 _aENGLISH
082 _A823.7 Q0
100 _aJane Austen
245 0 _aPride and Prejudice
250 _a1st
260 _c2010
_b"Viva Books, Privated Li"
500 _aYES
650 _aPride and prejudice
_bGeneral
942 _cBK
999 _c190464
_d190464